000
00275nam a2200097Ia 4500
082
_a
J 949.703 CHIN
245
0
_a
Genocide and the Bosnian war
100
_a
Ching, Jacqueline New York, 2009 1st ed
_9
70016
942
_c
BK
008
210817s9999 xx 000 0 und d
999
_c
395874
_d
395873